Uma viagem à Bahia da segunda metade do século XIX (Record no. 61985)

MARC details
000 -LÍDER
campo de controle de tamanho fixo 00404 a2200157 4500
001 - NÚMERO DE CONTROLE
campo de controle 61985
020 ## - ISBN - INTERNATIONAL STANDARD BOOK NUMBER
ISBN - International Standard Book Number 9788560619092
040 ## - FONTE DA CATALOGAÇÃO
Instituição que transcreveu o registro Anchieta - Pituba
100 ## - ENTRADA PRINCIPAL--NOME PESSOAL
Nome pessoal Teixeira, Osvalso Augusto
240 10 - TÍTULO UNIFORME
Título uniforme Uma viagem à Bahia da segunda metade do século XIX
Idioma da obra por
245 10 - TÍTULO
Título Uma viagem à Bahia da segunda metade do século XIX
300 ## - DESCRIÇÃO FÍSICA
Extensão 376
362 0# - DATAS DE PUBLICAÇÃO E/OU DESIGNAÇÃO SEQUENCIAL
Datas de publicação e/ou designação sequencial 2011
650 #4 - ASSUNTO--TERMO TÓPICO
Cabeçalho tópico ou nome geográfico Bahia
942 ## - ELEMENTOS DE ENTRADA ADICIONADOS (KOHA)
Tipo de material Koha Livros
Holdings
Situação do descarte Situação das perdas Situação física Não pode ser emprestado Biblioteca de origem Biblioteca atual Data de aquisição Total de empréstimos Número de chamada completo Código de barras Data de último acesso Data do preço efetivo Tipo de material Koha
        Colégio Anchieta - Pituba Colégio Anchieta - Pituba 21/11/2023   981.42 T266v TEI VIA 14341/PIT 21/11/2023 21/11/2023 Livros